<?xml version="1.0" encoding="UTF-8"?>
<record
    xmlns:xsi="http://www.w3.org/2001/XMLSchema-instance"
    xsi:schemaLocation="http://www.loc.gov/MARC21/slim http://www.loc.gov/standards/marcxml/schema/MARC21slim.xsd"
    xmlns="http://www.loc.gov/MARC21/slim">

  <leader>00357nam a2200145Ia 4500</leader>
  <controlfield tag="008">191201s2019    xx            000 0 und d</controlfield>
  <datafield tag="082" ind1=" " ind2=" ">
    <subfield code="a">616.07 BOP</subfield>
  </datafield>
  <datafield tag="100" ind1=" " ind2=" ">
    <subfield code="a">Bodhankar, S.L  </subfield>
  </datafield>
  <datafield tag="245" ind1=" " ind2="0">
    <subfield code="a">Pathophysiology</subfield>
  </datafield>
  <datafield tag="260" ind1=" " ind2=" ">
    <subfield code="b">Nirali Prakashan</subfield>
    <subfield code="a">New Delhi</subfield>
    <subfield code="c">2019</subfield>
  </datafield>
  <datafield tag="300" ind1=" " ind2=" ">
    <subfield code="a">Misc.</subfield>
  </datafield>
  <datafield tag="650" ind1=" " ind2=" ">
    <subfield code="a">Pathophysiology</subfield>
  </datafield>
  <datafield tag="700" ind1=" " ind2=" ">
    <subfield code="a">Vyawahare, N.S</subfield>
  </datafield>
  <datafield tag="942" ind1=" " ind2=" ">
    <subfield code="2">ddc</subfield>
    <subfield code="c">BK</subfield>
  </datafield>
  <datafield tag="999" ind1=" " ind2=" ">
    <subfield code="c">8381</subfield>
    <subfield code="d">8381</subfield>
  </datafield>
  <datafield tag="952" ind1=" " ind2=" ">
    <subfield code="0">0</subfield>
    <subfield code="1">0</subfield>
    <subfield code="2">ddc</subfield>
    <subfield code="4">0</subfield>
    <subfield code="7">0</subfield>
    <subfield code="8">DP</subfield>
    <subfield code="a">PIET</subfield>
    <subfield code="b">PIET</subfield>
    <subfield code="d">2019-03-26</subfield>
    <subfield code="e">Kirti Prakashan</subfield>
    <subfield code="g">300.00</subfield>
    <subfield code="k">IN 3253</subfield>
    <subfield code="l">7</subfield>
    <subfield code="o">616.07 BOP</subfield>
    <subfield code="p">DP694</subfield>
    <subfield code="r">2022-10-11 00:00:00</subfield>
    <subfield code="s">2022-09-28</subfield>
    <subfield code="v">222.00</subfield>
    <subfield code="w">2019-03-18</subfield>
    <subfield code="y">BK</subfield>
  </datafield>
  <datafield tag="952" ind1=" " ind2=" ">
    <subfield code="0">0</subfield>
    <subfield code="1">0</subfield>
    <subfield code="2">ddc</subfield>
    <subfield code="4">0</subfield>
    <subfield code="7">0</subfield>
    <subfield code="8">DP</subfield>
    <subfield code="a">PIET</subfield>
    <subfield code="b">PIET</subfield>
    <subfield code="d">2019-03-26</subfield>
    <subfield code="e">Kirti Prakashan</subfield>
    <subfield code="g">300.00</subfield>
    <subfield code="k">IN 3253</subfield>
    <subfield code="l">5</subfield>
    <subfield code="o">616.07 BOP</subfield>
    <subfield code="p">DP695</subfield>
    <subfield code="r">2021-12-23 00:00:00</subfield>
    <subfield code="s">2021-11-30</subfield>
    <subfield code="v">222.00</subfield>
    <subfield code="w">2019-03-18</subfield>
    <subfield code="y">REF</subfield>
  </datafield>
  <datafield tag="952" ind1=" " ind2=" ">
    <subfield code="0">0</subfield>
    <subfield code="1">0</subfield>
    <subfield code="2">ddc</subfield>
    <subfield code="4">0</subfield>
    <subfield code="7">0</subfield>
    <subfield code="8">DP</subfield>
    <subfield code="a">PIET</subfield>
    <subfield code="b">PIET</subfield>
    <subfield code="c">R04</subfield>
    <subfield code="d">2019-03-26</subfield>
    <subfield code="e">Kirti Prakashan</subfield>
    <subfield code="g">300.00</subfield>
    <subfield code="k">IN 3253</subfield>
    <subfield code="l">0</subfield>
    <subfield code="o">616.07 BOP</subfield>
    <subfield code="p">DP696</subfield>
    <subfield code="r">2019-12-04 00:00:00</subfield>
    <subfield code="v">222.00</subfield>
    <subfield code="w">2019-03-18</subfield>
    <subfield code="y">BK</subfield>
  </datafield>
</record>
